Library and information center management / (Record no. 816)

000 -LEADER
fixed length control field 02267cam a2200421 a 4500
001 - CONTROL NUMBER
control field 14747205
003 - CONTROL NUMBER IDENTIFIER
control field OSt
005 - DATE AND TIME OF LATEST TRANSACTION
control field 20140116120838.0
008 - FIXED-LENGTH DATA ELEMENTS--GENERAL INFORMATION
fixed length control field 070225s2007 ctua b 001 0 eng
010 ## - LIBRARY OF CONGRESS CONTROL NUMBER
LC control number 2007007922
015 ## - NATIONAL BIBLIOGRAPHY NUMBER
National bibliography number GBA724719
Source bnb
016 7# - NATIONAL BIBLIOGRAPHIC AGENCY CONTROL NUMBER
Record control number 013704903
Source Uk
020 ## - INTERNATIONAL STANDARD BOOK NUMBER
International Standard Book Number 9781591584087 (alk. paper)
020 ## - INTERNATIONAL STANDARD BOOK NUMBER
International Standard Book Number 1591584086 (alk. paper)
020 ## - INTERNATIONAL STANDARD BOOK NUMBER
International Standard Book Number 9781591584063 (pbk. : alk. paper)
020 ## - INTERNATIONAL STANDARD BOOK NUMBER
International Standard Book Number 159158406X (pbk. : alk. paper)
035 ## - SYSTEM CONTROL NUMBER
System control number (OCoLC)ocm85348499
035 ## - SYSTEM CONTROL NUMBER
System control number (OCoLC)85348499
040 ## - CATALOGING SOURCE
Original cataloging agency DLC
Transcribing agency DLC
Modifying agency DLC
043 ## - GEOGRAPHIC AREA CODE
Geographic area code n-us---
050 00 - LIBRARY OF CONGRESS CALL NUMBER
Classification number Z678.S784 2007
082 00 - DEWEY DECIMAL CLASSIFICATION NUMBER
Classification number 025.1
Edition number 22
100 1# - MAIN ENTRY--PERSONAL NAME
Personal name Stueart, Robert D.
245 10 - TITLE STATEMENT
Title Library and information center management /
Statement of responsibility, etc Robert D. Stueart and Barbara B. Moran.
250 ## - EDITION STATEMENT
Edition statement 7th ed.
260 ## - PUBLICATION, DISTRIBUTION, ETC. (IMPRINT)
Place of publication, distribution, etc Westport, Conn. :
Name of publisher, distributor, etc Libraries Unlimited,
Date of publication, distribution, etc 2007.
300 ## - PHYSICAL DESCRIPTION
Extent xxviii, 492 p. :
Other physical details ill. ;
Dimensions 27 cm.
440 #0 - SERIES STATEMENT/ADDED ENTRY--TITLE
Title Library and information science text series
504 ## - BIBLIOGRAPHY, ETC. NOTE
Bibliography, etc Includes bibliographical references and index.
505 0# - FORMATTED CONTENTS NOTE
Formatted contents note Managing in today's libraries and information centers -- The evolution of management thought -- Change : the innovative process -- Planning information services and systems -- Strategic planning : thinking and doing -- Marketing information services -- Organizations and organizational culture -- Structuring the organization : specialization and coordination -- The structure of organizations : today and in the future -- Staffing the library -- The human resources functions in the library -- Other issues in human resource management -- Motivation -- Leadership -- Ethics -- Communication -- Participative management and the use of teams in libraries -- Measuring, evaluating, and coordinating organizational performance -- Fiscal responsibility and control -- Managers : the next generation.
650 #0 - SUBJECT ADDED ENTRY--TOPICAL TERM
Topical term or geographic name as entry element Library administration
Geographic subdivision United States.
650 #0 - SUBJECT ADDED ENTRY--TOPICAL TERM
Topical term or geographic name as entry element Information services
Geographic subdivision United States
General subdivision Management.
700 1# - ADDED ENTRY--PERSONAL NAME
Personal name Moran, Barbara B.
856 41 - ELECTRONIC LOCATION AND ACCESS
Materials specified Table of contents only
Uniform Resource Identifier <a href="http://www.loc.gov/catdir/toc/ecip0712/2007007922.html">http://www.loc.gov/catdir/toc/ecip0712/2007007922.html</a>
906 ## - LOCAL DATA ELEMENT F, LDF (RLIN)
a 7
b cbc
c orignew
d 1
e ecip
f 20
g y-gencatlg
942 ## - ADDED ENTRY ELEMENTS (KOHA)
Source of classification or shelving scheme
Koha item type Book
Holdings
Withdrawn status Lost status Source of classification or shelving scheme Damaged status Not for loan Home library Current library Date acquired Total Checkouts Full call number Barcode Date last seen Copy number Price effective from Koha item type Total Renewals Date checked out
          Riara University Library Riara University Library 15/11/2011   Z678 .S784 2007 3095/11 15/11/2011 C.1 15/11/2011 Book    
          Riara University Library Riara University Library 15/11/2011 2 Z678 .S784 2007 3094/11 28/11/2014 C.2 15/11/2011 Book 1 31/03/2014
          Riara University Library Riara University Library 15/11/2011   Z678 .S784 2007 3093/11 15/11/2011 C.3 15/11/2011 Book    

Riara University Library,
P.O. Box 49940-00100,
Nairobi, Kenya.